000
00333nam a2200133Ia 4500
008
240624s9999 xx 000 0 und d
041
_a
eng
082
_a
828 DAM
100
_a
DAMLE JASMINE Y
245
_a
PUNE TRADITION TO MARKET
260
_c
2011
_a
Delhi
_b
Kalpaz Publications
300
_a
227 : p. : cm. ; 22
365
_c
RS
_b
25
999
_c
19103
_d
19103